Ngữ pháp tiếng Hán hiện đại : Cơ bản và nâng cao

"Ngữ pháp tiếng Hán hiện đại" được sắp xếp theo trình từ từ dễ đến khó. Giới thiệu đầy đủ khái niệm, đặc điểm, cách dùng các loại từ, từ tổ và kiểu câu, những quy tắc ngữ pháp cơ bản thường dùng trong các kỳ thi chứng...

ver descrição completa

Na minha lista:
Detalhes bibliográficos
Autor principal: Nguyễn, Hữu Trí
Formato: Livro
Idioma:Undetermined
Publicado em: Hà Nội Thế giới 2008
Assuntos:
Tags: Adicionar Tag
Sem tags, seja o primeiro a adicionar uma tag!
Thư viện lưu trữ: Trung tâm Học liệu Trường Đại học Cần Thơ
LEADER 01029nam a2200229Ia 4500
001 CTU_136512
008 210402s9999 xx 000 0 und d
020 |c 68000 
082 |a 495.1 
082 |b Tr300 
100 |a Nguyễn, Hữu Trí 
245 0 |a Ngữ pháp tiếng Hán hiện đại : 
245 0 |b Cơ bản và nâng cao 
245 0 |c Nguyễn Hữu Trí 
260 |a Hà Nội 
260 |b Thế giới 
260 |c 2008 
520 |a "Ngữ pháp tiếng Hán hiện đại" được sắp xếp theo trình từ từ dễ đến khó. Giới thiệu đầy đủ khái niệm, đặc điểm, cách dùng các loại từ, từ tổ và kiểu câu, những quy tắc ngữ pháp cơ bản thường dùng trong các kỳ thi chứng chỉ A, B. 
650 |a Ngôn ngữ Hán,Chinese language 
650 |x Grammar 
904 |i Trọng Hải 
980 |a Trung tâm Học liệu Trường Đại học Cần Thơ